Contemporary nutrition : (Record no. 5656)

MARC details
000 -LEADER
fixed length control field 00927cam a2200193 i 4500
020 ## - INTERNATIONAL STANDARD BOOK NUMBER
ISBN 9780078021398 (hard copy : alk. paper)
020 ## - INTERNATIONAL STANDARD BOOK NUMBER
ISBN 0078021391 (hard copy : alk. paper)
050 00 - CALL NUMBER
Classification number QP141
Item number .W21
100 1# - AUTHOR
Personal name Wardlaw, Gordon M.
245 10 - TITLE
Title Contemporary nutrition :
Remainder of title a functional approach /
Statement of responsibility, etc Gordon M. Wardlaw, PhD., Formerly of Department of Human Nutrition, College of Education and Human Ecology, The Ohio State University, Anne M. Smith, Ph.D., R.D., L.D., Department of Human Sciences, College of Education and Human Ecology, The Ohio State University, Angela L. Collene, M.S., R.D., L.D., Nursing Program, Ohio Northern University.
250 ## - EDITION
Edition statement Fourth edition.
260 ## - PUBLICATION INFORMATION
Place of publication USA
Name of publisher McGraw Hill Education
Year of publication 2015
300 ## - DESCRIPTION
Number of Pages xxiii, 735 pages :
Other physical details colored illustrations ;
Dimensions 28 cm
500 ## - NOTES
General note Includes index.
650 #0 - SUBJECTS
Topical Term Nutrition.
700 1# - OTHER AUTHORS
Personal name Smith, Anne M.,
700 1# - OTHER AUTHORS
Personal name Collene, Angela.
942 ## - ADDED ENTRY ELEMENTS (KOHA)
Koha item type Books
Holdings
Withdrawn status Lost status Home library Current library Date acquired Full call number Accession Number Koha item type
    Methodist University Library Wenchi Faculty Methodist University Library Wenchi Faculty 09/07/2019 QP141 .W21 4390 Books
Copyright © 2026  MUG Library